Psychológia riadenia pracovných kolektívov /

Saved in:
Bibliographic Details
Main Author: Perlaki, Ivan (Author)
Format: Book
Published: Bratislava : Práca, 1988
Edition:2.prepracované vyd.
Tags: Add Tag
No Tags, Be the first to tag this record!

MARC

LEADER 00000nam a22000003a 4500
001 stu14125
005 20150617225759.7
008 ------s1988----cs----------------------d
040 |a STU  |b slo 
041 0
044 |a cs 
080 |a 159.98 
100 1 |a Perlaki, Ivan  |4 aut 
245 1 |a Psychológia riadenia pracovných kolektívov /  |c [aut.]Perlaki,Ivan 
250 |a 2.prepracované vyd. 
260 |a Bratislava :  |b Práca,  |c 1988 
300 |a 388 s :  |b Tab.,grafy,lit 
996 |b C82530  |c C*82530  |l CCXIV  |s P  |a 0  |w stu14125_0001